| 000 | 00441nam a2200181Ia 4500 | ||
|---|---|---|---|
| 001 | 19887 | ||
| 005 | 20260306172725.0 | ||
| 008 | 260306t1995||||xx |||||||||||||| ||spa|| | ||
| 041 | _aESP | ||
| 082 |
_a341.4 _bA39 |
||
| 100 |
_aAlexy, Robert [1945-...] _eAUT |
||
| 245 | 0 | _aTeoría del discurso y derechos humanos | |
| 260 | _c1995 | ||
| 300 |
_a138 páginas : _c138 p. |
||
| 650 | _aGEN | ||
| 654 | _aCDE | ||
| 942 |
_cLIB _dJUS _fJUS _2ddc _n |
||
| 999 |
_c19887 _d19887 |
||